[Event "GER-ch U12"]
[Site "Willingen"]
[Date "2019.06.15"]
[Round "9"]
[White "Gerdes, Jannes"]
[Black "Morczynski, Joachim"]
[Result "1/2-1/2"]
[WhiteElo "1517"]
[BlackElo "1733"]
[PlyCount "72"]
[EventDate "2019.06.08"]
[EventType "swiss"]
[EventRounds "9"]
[EventCountry "GER"]
[SourceTitle "EXT 2020"]
[Source "ChessBase"]
[SourceDate "2019.10.17"]
[SourceVersion "1"]
[SourceVersionDate "2019.10.17"]
[SourceQuality "1"]

1. e4 c5 2. Nf3 Nc6 3. d4 cxd4 4. Nxd4 Nf6 5. Nc3 e5 6. Ndb5 d6 7. Bg5 a6 8. Na3 b5 9. Nd5 Be7 10. Bxf6 Bxf6 11. c4 b4 12. Nc2 a5 13. Qf3 Bg5 14. h4 Bh6 15. g4 f6 16. Rg1 0-0 17. Qg3 Bf4 18. Nxf4 exf4 19. Qxf4 Be6 20. 0-0-0 Ne5 21. Ne3 Qc7 22. Nd5 Bxd5 23. exd5 Rac8 24. Rd4 Qb6 25. Bd3 Nf3 26. Qxf3 Qxd4 27. h5 Qe5 28. Kb1 a4 29. Qe2 Qxe2 30. Bxe2 Rfe8 31. Bd3 a3 32. b3 Re5 33. Bf5 Rce8 34. Be6+ Kf8 35. f4 Re2 36. f5 Rb2+ 1/2-1/2

[Event "GER-ch U12"]
[Site "Willingen"]
[Date "2019.06.14"]
[Round "8"]
[White "Gerdes, Jannes"]
[Black "Kageler, Anton Paul"]
[Result "0-1"]
[WhiteElo "1517"]
[BlackElo "1563"]
[PlyCount "90"]
[EventDate "2019.06.08"]
[EventType "swiss"]
[EventRounds "9"]
[EventCountry "GER"]
[SourceTitle "CBM 191 Extra"]
[Source "ChessBase"]
[SourceDate "2019.09.30"]
[SourceVersion "1"]
[SourceVersionDate "2019.09.30"]
[SourceQuality "1"]

1. e4 c5 2. Nf3 d6 3. d4 cxd4 4. Nxd4 Nf6 5. Nc3 g6 6. Be3 Bg7 7. f3 0-0 8. Qd2 Nc6 9. 0-0-0 d5 10. Qe1 e5 11. Nxc6 bxc6 12. exd5 Nxd5 13. Bc4 Be6 14. Ne4 Qc7 15. Bc5 Rfd8 16. Qh4 h6 17. g4 Rd7 18. Qf2 Rad8 19. h4 f5 20. Nc3 Kh8 21. Rdg1 Nf4 22. Bxe6 Nxe6 23. Rd1 Nxc5 24. Qxc5 Rxd1+ 25. Rxd1 Rxd1+ 26. Nxd1 Qd7 27. gxf5 gxf5 28. c3 h5 29. Kc2 Kh7 30. Ne3 f4 31. Nc4 Qd5 32. Qxd5 cxd5 33. Na5 e4 34. fxe4 dxe4 35. Nc6 f3 36. Kd1 e3 37. Nd4 Bxd4 38. cxd4 Kg6 39. b4 Kf5 40. a4 Ke4 41. b5 Kxd4 42. a5 Kc5 43. b6 axb6 44. a6 Kc6 45. a7 Kb7 0-1

[Event "GER-ch U12"]
[Site "Willingen"]
[Date "2019.06.09"]
[Round "1"]
[White "Gerdes, Jannes"]
[Black "Stork, Christopher"]
[Result "0-1"]
[WhiteElo "1517"]
[BlackElo "1817"]
[PlyCount "126"]
[EventDate "2019.06.08"]
[EventType "swiss"]
[EventRounds "9"]
[EventCountry "GER"]
[SourceTitle "CBM 191 Extra"]
[Source "ChessBase"]
[SourceDate "2019.09.30"]
[SourceVersion "1"]
[SourceVersionDate "2019.09.30"]
[SourceQuality "1"]

1. e4 c5 2. Nf3 e6 3. d4 cxd4 4. Nxd4 Nf6 5. Nc3 Nc6 6. Be3 Bb4 7. Bd3 Qa5 8. 0-0 0-0 9. Nb3 Qd8 10. Qd2 d5 11. exd5 Nxd5 12. Bc5 Bxc5 13. Nxc5 b6 14. Nxd5 bxc5 15. Ne3 Ne5 16. Rfd1 Bb7 17. Qc3 Qg5 18. Be2 Ng6 19. Kh1 Nf4 20. Bf1 h5 21. Rd7 Bc6 22. Rc7 Rfc8 23. Rxc8+ Rxc8 24. f3 h4 25. h3 Rd8 26. Rd1 Rxd1 27. Nxd1 Bb5 28. Qe1 Bxf1 29. Qxf1 Qd5 30. Qe1 Qxa2 31. Qxh4 Ng6 32. Qd8+ Kh7 33. Kh2 Qc4 34. Qd2 e5 35. Nc3 f5 36. g3 Qf1 37. Qg2 Qc1 38. b3 Qe3 39. Nd5 Qd4 40. c4 Qd3 41. Qa2 f4 42. gxf4 exf4 43. Qf2 Qxb3 44. Qxc5 Qxf3 45. Qxa7 Qg3+ 46. Kh1 Qxh3+ 47. Kg1 Qg3+ 48. Kh1 Qh4+ 49. Kg1 Qg5+ 50. Kf1 Nh4 51. Qf2 f3 52. Qc2+ Kh8 53. Qb2 Qg3 54. Qf2 Qh3+ 55. Ke1 Ng2+ 56. Kd2 Qf5 57. Ne3 Qf4 58. Kd3 Nxe3 59. Qxe3 Qf5+ 60. Kd4 f2 61. c5 f1Q 62. c6 Qa1+ 63. Kc4 Qa4+ 0-1

[Event "Niedersachsen-ch op B"]
[Site "Verden"]
[Date "2019.01.05"]
[Round "6"]
[White "Bischoff, Norbert"]
[Black "Gerdes, Jannes"]
[Result "1/2-1/2"]
[WhiteElo "1508"]
[BlackElo "1639"]
[PlyCount "84"]
[EventDate "2019.01.03"]
[EventType "swiss"]
[EventRounds "7"]
[EventCountry "GER"]
[SourceTitle "EXT 2022"]
[Source "ChessBase"]
[SourceDate "2021.10.06"]
[SourceVersion "1"]
[SourceVersionDate "2021.10.06"]
[SourceQuality "1"]

1. d4 Nf6 2. Bg5 Ne4 3. Bf4 d5 4. f3 Nf6 5. Nc3 Bf5 6. e3 e6 7. Bd3 Bg6 8. g4 Bd6 9. Bxg6 hxg6 10. Bxd6 Qxd6 11. Qd2 c6 12. 0-0-0 Nbd7 13. Qf2 0-0-0 14. Nge2 Nb6 15. Nf4 Rde8 16. Nd3 Nbd7 17. e4 dxe4 18. Nxe4 Nxe4 19. fxe4 Qe7 20. e5 Ref8 21. d5 exd5 22. Qxa7 Qg5+ 23. Kb1 Qxg4 24. Qa8+ Kc7 25. Qa5+ Nb6 26. Nb4 Ra8 27. Nxd5+ cxd5 28. Qc5+ Kb8 29. Qxb6 Qd7 30. Qd6+ Qxd6 31. exd6 Ra5 32. b4 Rb5 33. c3 Kc8 34. a4 Rb6 35. Rxd5 Kd7 36. Rhd1 Rc6 37. R1d2 Rxc3 38. Kb2 Rch3 39. Re5 Re8 40. Rc5 Rc8 41. Re5 Re8 42. Rc5 Rc8 1/2-1/2

[Event "Niedersachsen-ch op B"]
[Site "Verden"]
[Date "2019.01.03"]
[Round "1"]
[White "Soelter, Thomas"]
[Black "Gerdes, Jannes"]
[Result "0-1"]
[WhiteElo "1532"]
[BlackElo "1639"]
[PlyCount "152"]
[EventDate "2019.01.03"]
[EventType "swiss"]
[EventRounds "7"]
[EventCountry "GER"]
[SourceTitle "EXT 2022"]
[Source "ChessBase"]
[SourceDate "2021.10.06"]
[SourceVersion "1"]
[SourceVersionDate "2021.10.06"]
[SourceQuality "1"]

1. d4 Nf6 2. Nf3 e6 3. c4 d5 4. Nc3 Be7 5. Bf4 c6 6. e3 Nbd7 7. Rc1 0-0 8. Qc2 h6 9. h3 Re8 10. cxd5 exd5 11. Bd3 Nf8 12. 0-0 Bd6 13. Bxd6 Qxd6 14. Ne5 N6d7 15. Nxd7 Bxd7 16. Ne2 Ne6 17. Ng3 Rad8 18. Nf5 Qf8 19. a3 Ng5 20. b4 a6 21. Qc5 Bxf5 22. Bxf5 g6 23. Qxf8+ Kxf8 24. Bd3 Re6 25. a4 a5 26. b5 cxb5 27. Bxb5 Ne4 28. Rc7 Nd6 29. Rb1 Re7 30. Rc5 Nxb5 31. Rbxb5 Red7 32. Rb6 Ra8 33. Rcb5 Ra7 34. Rc5 Ra8 35. Kf1 Kg7 36. Ke2 h5 37. h4 f6 38. Kd3 f5 39. Re6 Kf7 40. Re5 b6 41. Rcxd5 Rc7 42. Rd6 Rb8 43. Ree6 b5 44. axb5 Rxb5 45. Rxg6 Rb3+ 46. Kd2 Rb2+ 47. Kd3 Rxf2 48. Rc6 Rb7 49. Rcf6+ Ke7 50. Re6+ Kf7 51. Ref6+ Ke7 52. Rb6 Rxb6 53. Rxb6 Rxg2 54. Rb5 Kf6 55. Rxa5 Rg4 56. Re5 Rxh4 57. Ke2 Rh3 58. Kf2 h4 59. Kg2 Rg3+ 60. Kh2 Rf3 61. Kg2 Rg3+ 62. Kf2 Rh3 63. Kg2 Rg3+ 64. Kh2 Rf3 65. Re8 f4 66. Rf8+ Kg5 67. e4 Re3 68. Rg8+ Kh5 69. Re8 Kg4 70. Rg8+ Kf3 71. e5 Re4 72. Rd8 Ke3 73. Kg2 f3+ 74. Kf1 h3 75. Rh8 Rxd4 76. Ke1 f2+ 0-1

[Event "GER-ch U12"]
[Site "Willingen"]
[Date "2018.05.25"]
[Round "10"]
[White "Gerdes, Jannes"]
[Black "May, Alexander1111"]
[Result "1-0"]
[WhiteElo "1492"]
[BlackElo "1373"]
[PlyCount "91"]
[EventDate "2018.05.19"]
[EventType "swiss"]
[EventRounds "11"]
[EventCountry "GER"]
[SourceTitle "CBM 184 Extra"]
[Source "ChessBase"]
[SourceDate "2018.06.28"]
[SourceVersion "1"]
[SourceVersionDate "2018.06.28"]
[SourceQuality "1"]

1. e4 c5 2. Nf3 d6 3. d4 cxd4 4. Nxd4 Nf6 5. Nc3 a6 6. Be2 e5 7. Nf3 Be7 8. Bg5 0-0 9. Bxf6 Bxf6 10. Nd5 Nd7 11. Nd2 Nc5 12. b4 Ne6 13. Nc4 b5 14. Nce3 Bb7 15. 0-0 Rc8 16. a4 Nd4 17. c3 Nc6 18. axb5 axb5 19. Bxb5 Bg5 20. Bxc6 Rxc6 21. Qd3 Qc8 22. b5 Rc5 23. Rfc1 Bxd5 24. Nxd5 Qd7 25. Rcb1 Rb8 26. c4 Qc8 27. Ra4 Kf8 28. Rbb4 Bd8 29. Ra6 Qd7 30. Rba4 Rbc8 31. h3 g6 32. Ra8 Kg7 33. R4a7 Qe8 34. b6 Rxa8 35. Rxa8 Qd7 36. b7 Qxb7 37. Rxd8 Qa6 38. Rb8 Rxc4 39. Qe3 Qa1+ 40. Kh2 Rc2 41. h4 Qa2 42. h5 h6 43. Kg3 g5 44. Qf3 Qa7 45. Qf6+ Kh7 46. Rh8# 1-0

[Event "Niedersachsen-ch op C"]
[Site "Verden"]
[Date "2018.01.07"]
[Round "7"]
[White "Heller, Rainer"]
[Black "Gerdes, Jannes"]
[Result "0-1"]
[WhiteElo "1253"]
[BlackElo "1352"]
[PlyCount "100"]
[EventDate "2018.01.04"]
[EventType "swiss"]
[EventRounds "7"]
[EventCountry "GER"]
[SourceTitle "EXT 2022"]
[Source "ChessBase"]
[SourceDate "2021.10.06"]
[SourceVersion "1"]
[SourceVersionDate "2021.10.06"]
[SourceQuality "1"]

1. e4 e5 2. Nf3 Nc6 3. Bc4 Bc5 4. Nc3 Nf6 5. d3 h6 6. Be3 Bb6 7. Qd2 d6 8. h3 a6 9. Bxb6 cxb6 10. g4 Be6 11. Bxe6 fxe6 12. g5 Nh5 13. gxh6 gxh6 14. Rg1 Qf6 15. Qe3 0-0-0 16. Nd2 b5 17. 0-0-0 Nf4 18. Qf3 Nd4 19. Qg4 b4 20. Ndb1 bxc3 21. Nxc3 Kb8 22. Kb1 Qg5 23. Rde1 Qxg4 24. hxg4 Nf3 25. Ref1 Nxg1 26. Rxg1 Rdg8 27. f3 h5 28. Kc1 hxg4 29. fxg4 Rh2 30. b3 Ne2+ 31. Nxe2 Rxe2 32. g5 Rh2 33. g6 Rh6 34. g7 Rh7 35. Rg6 Rhxg7 36. Rxe6 Kc7 37. a4 Kd7 38. Rh6 Rc8 39. Rh2 Kc7 40. c4 Kb6 41. Kb2 Kc5 42. Kc3 a5 43. Rb2 Rc6 44. Rf2 Rg3 45. Rb2 Rf3 46. Rg2 Rc7 47. Rb2 Rg7 48. b4+ axb4+ 49. Rxb4 Rxd3+ 50. Kxd3 Kxb4 0-1